Otro universo donde ser feliz /

La muerte de Doña Fina, la portera del colegio, provoca que su marido don Gino ande como alma en pena. Rubén la echa de menos, pero tiene 13 años y pasa su tiempo entretenido entre el colegio, sus juegos y las películas que ve con su amigo Gabriel. Un día, don Gino le revela que ha construido una má...

Descripción completa

Guardado en:
Autor Principal: Covertini, Horacio.
Formato: Libro
Idioma:Undetermined
Publicado: Buenos Aires : Edelvives, 2019.
Edición:1a ed.
Series:Alandar ; 34
Materias:
Etiquetas: Agregar Etiqueta
Sin Etiquetas, Sea el primero en etiquetar este registro!
LEADER 01106nam a22002055a 4500
001 CEM.cems020902
008 240312s2019####ag############000#0#und#d
005 20240312155543.0
245 1 0 |a Otro universo donde ser feliz /  |c Horacio Covertini. 
250 |a 1a ed. 
260 |a Buenos Aires :  |b Edelvives,  |c 2019. 
300 |a 120 p. 
490 1 |a Alandar ;  |v 34 
520 |a La muerte de Doña Fina, la portera del colegio, provoca que su marido don Gino ande como alma en pena. Rubén la echa de menos, pero tiene 13 años y pasa su tiempo entretenido entre el colegio, sus juegos y las películas que ve con su amigo Gabriel. Un día, don Gino le revela que ha construido una máquina para viajar a un universo paralelo donde reencontrarse con Fina. La tormenta que necesita para generar energía no tarda en llegar y, por accidente, Rubén se ve arrastrado en un imposible viaje. 
020 |a 9789876426695 
100 1 |a Covertini, Horacio. 
653 |a Literatura española 
653 |a Literatura juvenil 
653 |a Novela juvenil 
859 |a CEMS  |b BIB. CEMS - Inicial y Primaria  |h A863.4  |i C838  |k IP  |p 6754  |t Ej. 1